Letisko

Podrobná bibliografia
Hlavný autor: Hailey, Arthur, 1920-2004 (Autor)
Ďalší autori: Slobodník, Dušan, 1927-2001 (Prekladateľ)
Médium: Kniha
Jazyk:slovenčina
angličtina
Fyzický popis:495 s. 21 cm
Vydavateľské údaje: Bratislava Tatran 1988
Vydanie:4. vyd.
Edícia:LUK - Knižnica modernej svetovej prózy
Predmet:

MARC

LEADER 00000cam a2200000 a 4500
001 vtls001122689
003 SK-MaSNL
005 20260301150829.0
008 210928s1988 xo gr 0000f slo
015 |a SNBA1988/11 
020 |q (viazané) 
035 |a SNK000065532 
040 |a SNK  |b slo  |c SNK  |e AACR2 
041 1 |a slo  |h eng 
044 |a xo  |c SK 
072 7 |a 821.111-3  |x Anglická próza, anglicky písaná  |2 konspekt 
080 |a 821.111(71)-31  |2 2011 
100 1 |a Hailey, Arthur,  |d 1920-2004  |4 aut  |9 89285 
240 1 0 |a Airport  |l Slovensky 
245 1 0 |a Letisko  |c Arthur Hailey ; z anglického originálu ... preložil Dušan Slobodník 
250 |a 4. vyd. 
260 |a Bratislava  |b Tatran  |c 1988  |e Bratislava  |f Pravda 
300 |a 495 s.  |c 21 cm 
366 |e 75000 výtl. 
490 1 |a LUK - Knižnica modernej svetovej prózy  |v zv. 133 
655 7 |a kanadské romány (anglicky)  |2 SNKPH  |9 70623 
655 7 |a Canadian fiction (English)  |2 SNKPHeng  |9 287561 
700 1 |a Slobodník, Dušan,  |d 1927-2001  |4 trl  |9 103407 
830 0 |a LUK - Knižnica modernej svetovej prózy  |9 375334 
954 |a beletria cudzojazyčná (svetová)  |2 lita 
958 |a LX 
958 |a TL 
958 |a UP 
958 |a OND 
968 |a SLO  |b ENG 
999 |c 784759  |d 786689 
952 |a SNK  |b SNK  |y PREZ  |7 0  |p 17A0963821  |o snkSC 72895  |i snkKSP 9680/88  |0 0  |1 0  |4 0  |d 2012-09-23  |f 1  |l 0  |r 2025-07-28 00:00:00  |w 2026-02-24 
952 |a SNK  |b SNK  |y PREZ  |7 0  |p 17A0057595  |o snkSC 72895 D1  |0 0  |1 0  |4 0  |d 1997-04-07  |l 0  |r 2004-12-31 00:00:00  |w 2026-02-24